000 00895nam a2200289 i 4500
001 53043
003 ES-MaACL
005 20240528062725.0
007 t|
008 031006s2002 sp ||||0| spa j
017 _aB 32488-2002
_bOficina Depósito Legal Barcelona
020 _a8495007789
040 _aM-BN
_bspa
_cES-MaACL
080 _a821.134.2-14"19"
100 0 _aBadosa, Enrique,
_d1927-2021
_eaut
_924566
245 1 0 _aParnaso funerario /
_cEnrique Badosa.
250 _a1ª ed.
260 _aBarcelona :
_bDVD,
_c2002.
300 _a73 páginas:
_bilustraciones ;
_c21 cm.
490 1 _aDVD poesía ;
_v50
655 7 _aPoesías
_2tgfbne
_9176539
830 0 _aDVD poesía ;
_v50
_9180288
852 _aES-MaACL
_bR.132176
_cDEPO2
_gDedicatoria autógrafa del autor
_jL-26535
942 _cMONOGRAFIA
_n0
999 _c53043
_d53043